[Event "Belgrade-chT Quality"]
[Site "Belgrade"]
[Date "2015.10.18"]
[Round "6"]
[White "Umiljenovic, Milenko"]
[Black "Ivanovic, Marko"]
[Result "1/2-1/2"]
[WhiteElo "2091"]
[BlackElo "1645"]
[PlyCount "110"]
[EventDate "2015.10.03"]
[EventType "team-tourn"]
[EventRounds "11"]
[EventCountry "SRB"]
[SourceTitle "EXT 2018"]
[Source "ChessBase"]
[SourceDate "2017.10.13"]
[SourceVersion "1"]
[SourceVersionDate "2017.10.13"]
[SourceQuality "1"]

1. c4 f5 2. Nf3 Nf6 3. g3 g6 4. b3 Bg7 5. Bb2 d6 6. d4 0-0 7. Bg2 c5 8. 0-0 Nfd7 9. Nc3 Nc6 10. d5 Nce5 11. Ng5 Nf6 12. f4 Neg4 13. Qd2 h6 14. Ne6 Bxe6 15. dxe6 Ne8 16. h3 Bd4+ 17. Kh1 Ne3 18. Bxb7 Rb8 19. Bf3 Nxf1 20. Rxf1 Ng7 21. e3 Bf6 22. e4 Kh7 23. exf5 Nxf5 24. Kg2 Qa5 25. Rf2 Bd4 26. Re2 h5 27. h4 Bf6 28. Qd3 Nd4 29. Bxh5 Rg8 30. Rf2 Kh6 31. Bg4 Nxb3 32. Nd5 Bxb2 33. Rxb2 Nc1 34. Qd2 Rxb2 35. Qxb2 Qe1 36. Nxe7 Rg7 37. Qf6 Qe4+ 38. Bf3 Qc2+ 39. Kh3 Qd3 40. Kg4 Kh7 41. Nc6 Ne2 42. Qg5 Ng1 43. Qd5 Qf1 44. e7 Qh3+ 45. Kg5 Qxg3+ 46. Kf6 Qxf4+ 47. Ke6 Qf7+ 48. Kxd6 Qf6+ 49. Kxc5 Rxe7 50. Nxe7 Qxe7+ 51. Kb5 Qe8+ 52. Qc6 Qe5+ 53. Ka6 Nxf3 54. Qxf3 Qe6+ 55. Kxa7 Qxc4 1/2-1/2

[Event "Belgrade-chT Quality"]
[Site "Belgrade"]
[Date "2015.10.11"]
[Round "4"]
[White "Isic, Kosta"]
[Black "Umiljenovic, Milenko"]
[Result "0-1"]
[WhiteElo "1719"]
[BlackElo "2091"]
[PlyCount "102"]
[EventDate "2015.10.03"]
[EventType "team-tourn"]
[EventRounds "11"]
[EventCountry "SRB"]
[SourceTitle "EXT 2018"]
[Source "ChessBase"]
[SourceDate "2017.10.13"]
[SourceVersion "1"]
[SourceVersionDate "2017.10.13"]
[SourceQuality "1"]

1. e4 c6 2. d4 d5 3. exd5 cxd5 4. Bd3 Nf6 5. c3 Nc6 6. Nf3 Bg4 7. Nbd2 e6 8. Nf1 Be7 9. Ng3 0-0 10. h3 Bxf3 11. Qxf3 a6 12. Nh5 e5 13. Nxf6+ Bxf6 14. dxe5 Nxe5 15. Qd1 Nxd3+ 16. Qxd3 Re8+ 17. Be3 d4 18. cxd4 Bxd4 19. 0-0-0 Bxe3+ 20. fxe3 Qg5 21. Qd5 Qxe3+ 22. Kb1 Qe4+ 23. Qxe4 Rxe4 24. Rd7 b5 25. Rhd1 h5 26. Kc2 Rc8+ 27. Kd3 Rf4 28. Ke3 Rf6 29. R1d5 Re8+ 30. Kd3 g6 31. Rd8 Rxd8 32. Rxd8+ Kg7 33. Ke3 g5 34. Rd5 Kg6 35. g3 g4 36. hxg4 hxg4 37. Ke2 Rf3 38. Rd6+ f6 39. Rxa6 Rxg3 40. Kf2 Rf3+ 41. Kg2 Rd3 42. a4 bxa4 43. Rxa4 Kg5 44. Rb4 f5 45. Rb8 Rd2+ 46. Kf1 g3 47. b4 Kg4 48. b5 Kf3 49. Ke1 Rb2 50. b6 g2 51. b7 g1Q# 0-1

[Event "Belgrade Trophy 28th"]
[Site "Belgrade"]
[Date "2014.11.30"]
[Round "7"]
[White "Stankovic, Ivan G"]
[Black "Umiljenovic, Milenko"]
[Result "1/2-1/2"]
[WhiteElo "2247"]
[BlackElo "2091"]
[PlyCount "79"]
[EventDate "2014.11.24"]
[EventType "swiss"]
[EventRounds "9"]
[EventCountry "SRB"]
[SourceTitle "CBM 163 Extra"]
[Source "ChessBase"]
[SourceDate "2014.12.23"]
[SourceVersion "1"]
[SourceVersionDate "2014.12.23"]
[SourceQuality "1"]

1. e4 c6 2. d3 e5 3. Nf3 Nf6 4. g3 d6 5. Bg2 Bg4 6. h3 Bxf3 7. Qxf3 Nbd7 8. 0-0 Be7 9. Qe2 0-0 10. c3 a5 11. d4 Re8 12. dxe5 dxe5 13. Be3 Bc5 14. Na3 b5 15. Nc2 a4 16. Rad1 Qe7 17. Bg5 Qe6 18. a3 Nb6 19. Be3 Nbd7 20. Bf3 Bxe3 21. Nxe3 g6 22. Bg4 Qe7 23. Bxd7 Nxd7 24. c4 Rab8 25. cxb5 Rxb5 26. Nd5 Qd8 27. Nc3 Rb7 28. Qc4 Qc8 29. Nxa4 Nb6 30. Nxb6 Rxb6 31. Kg2 Rxb2 32. Rd6 Qa8 33. Rd7 Rf8 34. a4 c5 35. Rd5 Rb4 36. Qc2 Rxa4 37. Rxe5 Rc8 38. Re1 c4 39. Re3 Rb4 40. Rd5 1/2-1/2

[Event "Belgrade Trophy 28th"]
[Site "Belgrade"]
[Date "2014.11.26"]
[Round "3"]
[White "Andrijevic, Milan"]
[Black "Umiljenovic, Milenko"]
[Result "1-0"]
[WhiteElo "2301"]
[BlackElo "2091"]
[PlyCount "95"]
[EventDate "2014.11.24"]
[EventType "swiss"]
[EventRounds "9"]
[EventCountry "SRB"]
[SourceTitle "CBM 163 Extra"]
[Source "ChessBase"]
[SourceDate "2014.12.23"]
[SourceVersion "1"]
[SourceVersionDate "2014.12.23"]
[SourceQuality "1"]

1. e4 c6 2. d4 d5 3. exd5 cxd5 4. c4 Nf6 5. Nc3 Nc6 6. Nf3 e6 7. a3 Be7 8. c5 0-0 9. b4 Ne4 10. Bb2 Bf6 11. b5 Ne7 12. Bd3 Nf5 13. Bxe4 dxe4 14. Nxe4 Qa5+ 15. Qd2 Qxb5 16. g4 Qc6 17. d5 exd5 18. Nxf6+ gxf6 19. gxf5 Bxf5 20. Rg1+ Bg6 21. Kf1 Rfe8 22. Bd4 Qe6 23. Rg3 Qf5 24. Nh4 Qe6 25. Kg1 Rac8 26. Qf4 Rc6 27. Nf5 b6 28. cxb6 axb6 29. Nh4 Qe4 30. Qxe4 Rxe4 31. Nxg6 fxg6 32. Rd1 Kf7 33. Rb3 Rg4+ 34. Kf1 Rh4 35. Kg2 Rg4+ 36. Kf3 Rh4 37. Kg3 g5 38. Rxb6 Rc4 39. Rxf6+ Kg8 40. Be3 Rcg4+ 41. Kf3 d4 42. Bc1 Kg7 43. Rd6 h5 44. R1xd4 Rh3+ 45. Ke2 Rg2 46. Ra6 Kf7 47. Rd7+ Ke8 48. Rh7 1-0